Política pública de economía solidaria en el contexto de planeación local y presupuesto participativo de Medellín 2008-2015 : evaluación de su efectividad (Registro nro. 763479)
[ vista simple ]
| 001 - NÚMERO DE CONTROL | |
|---|---|
| campo de control | 1468356 |
| 005 - FECHA Y HORA DE LA ÚLTIMA TRANSACCIÓN | |
| campo de control | 20260512101105.0 |
| 008 - DATOS DE LONGITUD FIJA--INFORMACIÓN GENERAL | |
| campo de control de longitud fija | 170704nuuuuuuuu spa |
| 020 ## - NÚMERO INTERNACIONAL ESTÁNDAR DEL LIBRO | |
| Número Internacional Estándar del Libro | 9789585796485 |
| 035 ## - NÚMERO DE CONTROL DEL SISTEMA | |
| Número de control de sistema | 1468356 |
| 040 ## - FUENTE DE LA CATALOGACIÓN | |
| Centro/agencia transcriptor | comduadb |
| 041 ## - CÓDIGO DE LENGUA | |
| Código de lengua del texto/banda sonora o título independiente | spa |
| 050 #4 - SIGNATURA TOPOGRÁFICA DE LA BIBLIOTECA DEL CONGRESO | |
| Número de clasificación | N |
| 082 #4 - NÚMERO DE LA CLASIFICACIÓN DECIMAL DEWEY | |
| Número de clasificación | 334 |
| 100 10 - ENTRADA PRINCIPAL--NOMBRE DE PERSONA | |
| Nombre de persona | Salgado Cañaveral, Oswaldo Antonio |
| Código de función | res |
| Término indicativo de función/relación | Investigador/a |
| 9 (RLIN) | 278369 |
| 245 10 - MENCIÓN DE TÍTULO | |
| Título | Política pública de economía solidaria en el contexto de planeación local y presupuesto participativo de Medellín 2008-2015 : evaluación de su efectividad |
| 260 ## - PUBLICACIÓN, DISTRIBUCIÓN, ETC. | |
| Nombre del editor, distribuidor, etc. | Personería de Medellín ; |
| Lugar de publicación, distribución, etc. | Medellín : |
| Nombre del editor, distribuidor, etc. | Fundación Universitaria Luis Amigó (FUNLAM), |
| Fecha de publicación, distribución, etc. | 2015. |
| 300 ## - DESCRIPCIÓN FÍSICA | |
| Extensión | 201 páginas |
| 505 ## - NOTA DE CONTENIDO CON FORMATO | |
| Nota de contenido con formato | CONTENIDO: 1. Memoria metodológica -- 2. La política pública de economía solidaria: desarrollos y perspectiva -- 3. Contexto de economía solidaria para la interpretación de la política pública de economía solidaria en Medellín desde la perspectiva de los planes de desarrollo para Medellín del 2008-2014 -- 4. Sentidos y significados de la efectividad de la política pública de economía solidaria en Medellín: una perspectiva evaluativa. |
| 520 3# - SUMARIO, ETC. | |
| Sumario, etc. | RESUMEN: El presente libro es resultado de la investigación denominada "Evaluación de la efectividad de la política pública de economía solidaria 2008-2015, según indicadores de planes de desarrollo 2008-2011(Medellín es solidaria y competitiva) y 2012-2015 (Medellín un hogar para la vida)", realizada en convenio entre la personería de Medellín y los grupos de investigación Economía Solidaria -ECOSOL- y Gestión de Organizaciones -GORAS- de la fundación Universitaria Luis Amigó-Funlam-, la cual obedece al interés de analizar los resultados en la ejecución de la política pública de economía solidaria, desde los dos últimos planes de desarrollo de la ciudad de Medellín y reconocer los efectos de corto y mediano plazo producidos por el programa de planeación local -PL- y presupuesto participativo -PP- del Municipio. |
| 650 ## - PUNTO DE ACCESO ADICIONAL DE MATERIA--TÉRMINO DE MATERIA | |
| Término de materia o nombre geográfico como elemento de entrada | Economía solidaria - Medellin |
| 9 (RLIN) | 105542 |
| 650 ## - PUNTO DE ACCESO ADICIONAL DE MATERIA--TÉRMINO DE MATERIA | |
| Término de materia o nombre geográfico como elemento de entrada | Planificación regional |
| 9 (RLIN) | 32204 |
| 650 ## - PUNTO DE ACCESO ADICIONAL DE MATERIA--TÉRMINO DE MATERIA | |
| Término de materia o nombre geográfico como elemento de entrada | Presupuesto participativo - Medellín (Antioquia, Colombia) |
| 9 (RLIN) | 216061 |
| 650 #7 - PUNTO DE ACCESO ADICIONAL DE MATERIA--TÉRMINO DE MATERIA | |
| Término de materia o nombre geográfico como elemento de entrada | Políticas públicas |
| Subdivisión geográfica | Medellín (Antioquia, Colombia) |
| Fuente del encabezamiento o término | embne |
| 9 (RLIN) | 159129 |
| 700 10 - ENTRADA AGREGADA--NOMBRE PERSONAL | |
| Nombre de persona | Arboleda Álvarez, Olga Lucía |
| Código de función | res |
| Término indicativo de función/relación | Investigador/a |
| 9 (RLIN) | 320322 |
| 700 10 - ENTRADA AGREGADA--NOMBRE PERSONAL | |
| Nombre de persona | Álzate Cárdenas, Martha del Socorro |
| Código de función | res |
| Término indicativo de función/relación | Investigador/a |
| 9 (RLIN) | 269315 |
| 700 10 - ENTRADA AGREGADA--NOMBRE PERSONAL | |
| Nombre de persona | Peralta Robledo, Guiomar Bibiana |
| Código de función | res |
| Término indicativo de función/relación | Investigador/a |
| 9 (RLIN) | 401902 |
| 700 10 - ENTRADA AGREGADA--NOMBRE PERSONAL | |
| Nombre de persona | Pareja Mesa, Martha Ligia |
| Código de función | res |
| Término indicativo de función/relación | Investigador/a |
| 9 (RLIN) | 309969 |
| 700 10 - ENTRADA AGREGADA--NOMBRE PERSONAL | |
| Nombre de persona | Zabala Salazar, Hernando Emilio |
| Código de función | aui |
| Término indicativo de función/relación | Escritor/a de prólogo |
| 9 (RLIN) | 377075 |
| 942 ## - ELEMENTOS DE ENTRADA AGREGADA (KOHA) | |
| Tipo de ítem Koha | Libros |
| Estado de retiro | Estado de pérdida | Estado dañado | No para préstamo | Código de colección | Localización permanente | Ubicación/localización actual | Fecha de adquisición | Fuente de adquisición | Coste, precio normal de compra | Número de inventario | Total de préstamos | Signatura topográfica completa | Código de barras | Fecha visto por última vez | Número de copia | Precio válido a partir de | Tipo de ítem Koha |
|---|---|---|---|---|---|---|---|---|---|---|---|---|---|---|---|---|---|
| Colección Antioquia 4to piso | Biblioteca Carlos Gaviria Díaz, Campus Medellín | Biblioteca Carlos Gaviria Díaz, Campus Medellín | 05/07/2017 | Material adquirido por donación | 28000.00 | C1264263 | 338.986126 S164 | 1027484 | 04/05/2023 | 1 | 04/05/2023 | Libros - Reserva | |||||
| Colección General Piso 2 | Biblioteca Carlos Gaviria Díaz, Campus Medellín | Biblioteca Carlos Gaviria Díaz, Campus Medellín | 05/07/2017 | Material adquirido por donación | 28000.00 | C1264265 | 338.986126 S164 e2 | 1027485 | 04/05/2023 | 2 | 04/05/2023 | Libros | |||||
| Colección General | CRAI María Teresa Uribe (FCSH, Bl. 9-305) | CRAI María Teresa Uribe (FCSH, Bl. 9-305) | 01/08/2017 | Material adquirido por donación | C1265742 | N-12379 | 15987811 | 04/05/2023 | 4 | 04/05/2023 | Libros | ||||||
| Colección General | Instituto de Estudios Regionales INER (BL. 9-242) | Instituto de Estudios Regionales INER (BL. 9-242) | 04/07/2017 | Material adquirido por donación | C1264245 | Av/4695 | 0645386 | 04/05/2023 | 3 | 04/05/2023 | Libros |